[Event "Bogota Region-ch Amateur"]
[Site "Bogota"]
[Date "2012.03.02"]
[Round "2.16"]
[White "Duarte, Andres Javier"]
[Black "Iafrancesco, Esteban"]
[Result "0-1"]
[WhiteElo "1792"]
[BlackElo "1819"]
[PlyCount "34"]
[EventDate "2012.03.01"]
[EventType "swiss"]
[EventRounds "7"]
[EventCountry "COL"]
[SourceTitle "EXT 2024"]
[Source "ChessBase"]
[SourceDate "2023.10.10"]
[SourceVersion "1"]
[SourceVersionDate "2023.10.10"]
[SourceQuality "1"]

1. d4 Nf6 2. c4 e6 3. Nc3 Bb4 4. Bd2 b6 5. Nf3 Bb7 6. e3 0-0 7. a3 Bxc3 8. Bxc3 Ne4 9. Bd2 f5 10. d5 Qf6 11. dxe6 Qxb2 12. exd7 Nxd7 13. Bd3 Ndc5 14. Bxe4 fxe4 15. Nd4 Nd3+ 16. Kf1 Rxf2+ 17. Kg1 Rxd2 0-1